000 00832nam a2200253 a 4500
001 000004156
003 DO-SdBNP
005 20240412074202.0
007 ta
008 090717s2005 dr a 000 0 spa d
020 _a9993494623
040 _aDO-SdBNP
_bspa
_cBNPHU
082 4 _aRD861.44
_bV335c
_222
100 1 _aVásquez, Adriadna,
_d1977-
_912298
245 1 0 _aUna casa azul /
_cAdriadna Vásquez.
260 _aSan Francisco de Macorís, República Dominicana :
_bSecretaría de Estado de Cultura : Ángeles de Fierro,
_c2005.
300 _a39 p. :
_bil. ;
_c18 cm.
500 _aIncluye datos biográficos del autor en la cubierta.
590 _aInventariado, 2019/LP
650 4 _aPoesía dominicana
_966
650 0 _aLiteratura dominicana.
_967
910 _aValidado. Control de calidad MMOLINA
942 _2ddc
_cLBS1
999 _c3972
_d3972